Educacion permanente y educacion social : controversias y compromisos (Registro nro. 291281)
[ vista simple ]
| 001 - NÚMERO DE CONTROL | |
|---|---|
| campo de control | 832590 |
| 005 - FECHA Y HORA DE LA ÚLTIMA TRANSACCIÓN | |
| campo de control | 20260506095903.0 |
| 008 - DATOS DE LONGITUD FIJA--INFORMACIÓN GENERAL | |
| campo de control de longitud fija | 030719s2002 spa |
| 020 ## - NÚMERO INTERNACIONAL ESTÁNDAR DEL LIBRO | |
| Número Internacional Estándar del Libro | 8497000897 |
| 035 ## - NÚMERO DE CONTROL DEL SISTEMA | |
| Número de control de sistema | 832590 |
| 035 ## - NÚMERO DE CONTROL DEL SISTEMA | |
| Número de control de sistema | (OCoLC)63700479 |
| 040 ## - FUENTE DE LA CATALOGACIÓN | |
| Centro/agencia transcriptor | comduadb |
| 041 ## - CÓDIGO DE LENGUA | |
| Código de lengua del texto/banda sonora o título independiente | spa |
| 082 #4 - NÚMERO DE LA CLASIFICACIÓN DECIMAL DEWEY | |
| Número de clasificación | 371 |
| 100 10 - ENTRADA PRINCIPAL--NOMBRE DE PERSONA | |
| Nombre de persona | Cabello Martinez, Maria Josefa |
| Código de función | aut |
| Término indicativo de función/relación | Autor/a |
| 9 (RLIN) | 376435 |
| 245 10 - MENCIÓN DE TÍTULO | |
| Título | Educacion permanente y educacion social : controversias y compromisos |
| 260 ## - PUBLICACIÓN, DISTRIBUCIÓN, ETC. | |
| Lugar de publicación, distribución, etc. | Barcelona : |
| Nombre del editor, distribuidor, etc. | Aljibe, |
| Fecha de publicación, distribución, etc. | 2002. |
| 300 ## - DESCRIPCIÓN FÍSICA | |
| Extensión | 350 páginas |
| 490 0# - MENCIÓN DE SERIE | |
| Mención de serie | Biblioteca de educación |
| 650 ## - PUNTO DE ACCESO ADICIONAL DE MATERIA--TÉRMINO DE MATERIA | |
| Término de materia o nombre geográfico como elemento de entrada | Educacion permanente |
| 9 (RLIN) | 100998 |
| 650 #7 - PUNTO DE ACCESO ADICIONAL DE MATERIA--TÉRMINO DE MATERIA | |
| Término de materia o nombre geográfico como elemento de entrada | Educación de adultos |
| Fuente del encabezamiento o término | lemb |
| 9 (RLIN) | 43483 |
| 650 ## - PUNTO DE ACCESO ADICIONAL DE MATERIA--TÉRMINO DE MATERIA | |
| Término de materia o nombre geográfico como elemento de entrada | Conocimiento y aprendizaje |
| 9 (RLIN) | 26123 |
| 650 ## - PUNTO DE ACCESO ADICIONAL DE MATERIA--TÉRMINO DE MATERIA | |
| Término de materia o nombre geográfico como elemento de entrada | Investigación educativa |
| 9 (RLIN) | 4655 |
| 650 ## - PUNTO DE ACCESO ADICIONAL DE MATERIA--TÉRMINO DE MATERIA | |
| Término de materia o nombre geográfico como elemento de entrada | Teorías sociológicas |
| 9 (RLIN) | 41565 |
| 650 ## - PUNTO DE ACCESO ADICIONAL DE MATERIA--TÉRMINO DE MATERIA | |
| Término de materia o nombre geográfico como elemento de entrada | Unesco - Programas |
| 9 (RLIN) | 7948 |
| 650 ## - PUNTO DE ACCESO ADICIONAL DE MATERIA--TÉRMINO DE MATERIA | |
| Término de materia o nombre geográfico como elemento de entrada | OCDE (Organización de Cooperación y Desarrollo Económico) |
| 9 (RLIN) | 63193 |
| 650 ## - PUNTO DE ACCESO ADICIONAL DE MATERIA--TÉRMINO DE MATERIA | |
| Término de materia o nombre geográfico como elemento de entrada | Consejo de Europa |
| 9 (RLIN) | 46792 |
| 650 ## - PUNTO DE ACCESO ADICIONAL DE MATERIA--TÉRMINO DE MATERIA | |
| Término de materia o nombre geográfico como elemento de entrada | Práctica docente |
| 9 (RLIN) | 72293 |
| 650 #7 - PUNTO DE ACCESO ADICIONAL DE MATERIA--TÉRMINO DE MATERIA | |
| Término de materia o nombre geográfico como elemento de entrada | Adolescentes y adultos |
| Fuente del encabezamiento o término | lemb |
| 9 (RLIN) | 17242 |
| 650 ## - PUNTO DE ACCESO ADICIONAL DE MATERIA--TÉRMINO DE MATERIA | |
| Término de materia o nombre geográfico como elemento de entrada | Educacion - Siglo XXI |
| 9 (RLIN) | 14624 |
| 650 ## - PUNTO DE ACCESO ADICIONAL DE MATERIA--TÉRMINO DE MATERIA | |
| Término de materia o nombre geográfico como elemento de entrada | Formación de docentes |
| 9 (RLIN) | 175860 |
| 650 #7 - PUNTO DE ACCESO ADICIONAL DE MATERIA--TÉRMINO DE MATERIA | |
| Término de materia o nombre geográfico como elemento de entrada | Educación comunitaria |
| Fuente del encabezamiento o término | lemb |
| 9 (RLIN) | 10939 |
| 650 #7 - PUNTO DE ACCESO ADICIONAL DE MATERIA--TÉRMINO DE MATERIA | |
| Término de materia o nombre geográfico como elemento de entrada | Psicopedagogía |
| Fuente del encabezamiento o término | armarc |
| 9 (RLIN) | 111057 |
| 942 ## - ELEMENTOS DE ENTRADA AGREGADA (KOHA) | |
| Tipo de ítem Koha | Libros |
| Estado de retiro | Estado de pérdida | Estado dañado | No para préstamo | Código de colección | Localización permanente | Ubicación/localización actual | Fecha de adquisición | Fuente de adquisición | Coste, precio normal de compra | Número de inventario | Total de préstamos | Signatura topográfica completa | Código de barras | Fecha visto por última vez | Número de copia | Precio válido a partir de | Tipo de ítem Koha |
|---|---|---|---|---|---|---|---|---|---|---|---|---|---|---|---|---|---|
| Colección General Piso 2 | Biblioteca Carlos Gaviria Díaz, Campus Medellín | Biblioteca Carlos Gaviria Díaz, Campus Medellín | 19/07/2003 | Librería Científica | 77000.00 | C797308 | 371.102 C114 e2 | 61000004972397 | 25/04/2023 | 1 | 25/04/2023 | Libros | |||||
| Colección General Piso 2 | Biblioteca Carlos Gaviria Díaz, Campus Medellín | Biblioteca Carlos Gaviria Díaz, Campus Medellín | 26/01/2004 | Librería Científica | 77000.00 | C815576 | 371.102 C114 | 61000004978191 | 25/04/2023 | 2 | 25/04/2023 | Libros |